Presentació del llibre "Sons d'una nissaga: la música dels Güell" de María Sanhuesa Fonseca : 21 de novembre de 2019 21 de novembre de 2019
Descripción Física:
1 díptic ; il. col. ; 15 x 21 cm
Idioma:
Catalán
MARC
| LEADER | 00000nam a22000007a 4500 | ||
|---|---|---|---|
| 001 | 27577 | ||
| 003 | Arxiu | ||
| 005 | 20260324181156.0 | ||
| 008 | 230327b spa||||| |||| 00| 0 cat d | ||
| 017 | |a B 26988-2019 | ||
| 040 | |a agdb |b cat | ||
| 110 | 2 | |9 17034 |a Palau Güell (Barcelona) | |
| 245 | |a Presentació del llibre "Sons d'una nissaga: la música dels Güell" de María Sanhuesa Fonseca : |b 21 de novembre de 2019 | ||
| 260 | |a Barcelona : |b Palau Güell : |b Diputació de Barcelona ; |c 2019 | ||
| 300 | |a 1 díptic ; |b il. col. ; |c 15 x 21 cm | ||
| 610 | 2 | 0 | |9 52964 |a Palau Güell (Barcelona) |x Activitats culturals |
| 942 | |2 udc |c ARXIU |n 1 | ||
| 952 | |0 0 |1 0 |2 udc |4 0 |6 FU74186 |7 1 |9 65794 |a Arxiu |b Arxiu |d 2023-03-27 |l 0 |o FU-74-186 |p 27577 |r 2023-03-27 00:00:00 |w 2023-03-27 |y ARXIU | ||
| 999 | |c 83239 |d 83239 | ||